000 00767nam a2200229Ia 4500
001 16765
003 GE_BSU
008 181216s||||||||xx |||||||||||||| ||und||
040 _cGE_BSU
080 _a82-93:821.161.1-3
100 _aფურმანოვი, დ.
245 _aჩაპაევი.
245 _bდოკუმენტ.-მხატვრ. მოთხრობა. ამბავი
245 _cრედ.ნ.ლორთქიფანიძე
260 _aთბილისი
260 _bნაკადული
260 _c1963
300 _a295გვ. ; 22სმ
653 _aდოკუმენტ.-მხატვრ. მოთხრობა. ამბავი
653 _aჩაპაევი
942 _cBK
999 _c49830
_d49830